| 000 | 00566nam a2200193 u 4500 | ||
|---|---|---|---|
| 005 | 20210223131427.0 | ||
| 008 | 101207s2010 mx r 000 0 spa d | ||
| 020 | _a9786071502889 | ||
| 035 | _aUPN01000178902 | ||
| 049 | _aCG | ||
| 050 | 4 |
_aHD62.7 _bA6.2 2010 |
|
| 100 | 1 |
_aAnzola Rojas, Sérvulo _931395 |
|
| 245 | 1 | 0 |
_aAdministración de pequeñas empresas / _cSérvulo Anzola Rojas. |
| 250 | _a3a ed. | ||
| 260 |
_aMéxico : _bMcGraw-Hill, _cc2010. |
||
| 300 |
_axxiii, 347 p. : _bfigs. |
||
| 650 | 4 |
_aMICROEMPRESAS - _xADMINISTRACION _917800 |
|
| 905 | _aLibro | ||
| 999 |
_c151005 _d151005 |
||